000
00240nam a22000977a 4500
008
170126b xxu||||| |||| 00| 0 eng d
041
_a
eng
080
_a
61
245
_a
CURRENT MANAGEMENT OF DIABETES MELLITUS
_c
DEFRONZO, R.A
942
_2
udc
_c
BK
999
_c
3745
_d
3745